Т. 66, вып. 12; Журнал аналитической химии

Manylion Llyfryddiaeth
Parent link:Журнал аналитической химии/ Российская академия наук (РАН), Отделение химии и наук о материалах РАН. Т. 66, вып. 12.— , 1947-
Iaith:Rwseg
Cyhoeddwyd: 2011
Fformat: Llyfr
KOHA link:https://koha.lib.tpu.ru/cgi-bin/koha/opac-detail.pl?biblionumber=464370

MARC

LEADER 00000nam2a2200000 4500
001 464370
005 20231101090128.0
035 |a (RuTPU)RU\TPU\prd\128888 
090 |a 464370 
100 |a 20120119a19469999k y0rusy50 ca 
101 0 |a rus 
102 |a RU 
200 0 |a Т. 66, вып. 12 
210 |d 2011 
461 1 |0 (RuTPU)RU\TPU\prd\156  |t Журнал аналитической химии  |f Российская академия наук (РАН), Отделение химии и наук о материалах РАН  |v Т. 66, вып. 12  |d 1947- 
801 0 |a RU  |b 63413507  |c 20010227  |g PSBO 
801 1 |a RU  |b 63413507  |c 20120119 
801 2 |a RU  |b 63413507  |c 20201127  |g RCR 
942 |c BK 
999 |a НТБ_ТПУ  |b НФ  |e -1/20110111  |p П-5458  |s 1/20110407  |u 0,00  |v 1